Comparación de técnicas de control para motores de inducción alimentados por inversores

Đã lưu trong:
Chi tiết về thư mục
Tác giả chính: Chavarria Espinoza, Mariano
Tác giả khác: Espinoza Bolaños, Mauricio, 1986- Director de Proyecto Eléctrico
Định dạng: Sách
Ngôn ngữ:Spanish
Được phát hành: [San José], Costa Rica 2013
Những chủ đề:
Các nhãn: Thêm thẻ
Không có thẻ, Là người đầu tiên thẻ bản ghi này!

MARC

LEADER 00000nam a22000007a 4500
003 011808
005 20230623095522.0
008 150421b2013 cr a|||| |||| 00| ||spa d
040 |c cru CEDI  
100 |9 740  |a Chavarria Espinoza, Mariano 
245 |a  Comparación de técnicas de control para motores de inducción alimentados por inversores 
260 |a [San José], Costa Rica  |c 2013 
500 |a Proyecto de graduación (bachillerato en ingeniería eléctrica)-- Universidad de Costa Rica. Facultad de Ingeniería. Escuela de Ingeniería Eléctrica 
501 |a Profesor Guía de IE-0499 Proyecto Eléctrico: Ing. Mauricio Espinoza Bolaños 
650 |x SISTEMAS DE CONTROL  |x INVERSORES ELECTRICOS  |x MOTORES ELECTRICOS   |9 753 
700 |9 739  |a  Espinoza Bolaños, Mauricio, 1986-  |d Director de Proyecto Eléctrico 
942 |c CEDI  |h TFG 6977  |6 TFG_6977_000000000000000 
999 |c 13832  |d 13832